[Event "Titled Tuesday intern op 24th Sep Early"]
[Site "Chess.com INT"]
[Date "2024.09.24"]
[Round "6"]
[White "Kazakouski, Valery"]
[Black "Trost, Edvin"]
[Result "1/2-1/2"]
[WhiteElo "2577"]
[BlackElo "2433"]
[PlyCount "139"]
[EventDate "2024.09.24"]
[EventType "swiss (blitz)"]
[EventRounds "11"]
[EventCountry "USA"]
[SourceTitle "EXT 2025"]
[Source "ChessBase"]
[SourceDate "2024.10.14"]
[SourceVersion "1"]
[SourceVersionDate "2024.10.14"]
[SourceQuality "1"]

1. Nf3 Nf6 2. g3 c5 3. Bg2 Nc6 4. 0-0 e5 5. e4 Be7 6. Re1 0-0 7. c3 d6 8. h3 h6 9. d3 Re8 10. Na3 Bf8 11. Nc4 b5 12. Ne3 Rb8 13. a4 a6 14. axb5 axb5 15. Nd2 Be6 16. Nd5 Bxd5 17. exd5 Ne7 18. c4 bxc4 19. dxc4 Nf5 20. Ra7 Nd4 21. Qa4 Re7 22. Ra6 Reb7 23. Kh1 Rb4 24. Qa2 Qc8 25. Nf1 Nb3 26. Be3 Rxc4 27. f4 exf4 28. Bxf4 Qd7 29. Ra7 Rb7 30. Ra8 Rcb4 31. Ne3 Nd4 32. Nc4 Rb8 33. Ra7 R4b7 34. Ra6 Nb5 35. Qa4 Nh5 36. Rf1 Nxf4 37. Rxf4 Qe8 38. Kh2 Qd7 39. h4 Ra7 40. Rxa7 Qxa7 41. Qd1 Nd4 42. Re4 Qd7 43. Bh3 Qb5 44. Bf1 Qb7 45. Bg2 Ra8 46. Qf1 Qd7 47. Bh3 Qb7 48. Rf4 Re8 49. Bg2 Qd7 50. Bh3 Qc7 51. Bg2 Re2 52. Rf2 Re7 53. Kh1 h5 54. Kh2 g6 55. Bh3 Bg7 56. Bg2 Qd8 57. Bh3 Qe8 58. Bg2 Qd8 59. Bh3 Bh6 60. Bg2 Nf5 61. Rxf5 gxf5 62. Qxf5 Bg7 63. Qxh5 Re1 64. Qg4 Qe7 65. Kh3 Kf8 66. Qc8+ Qe8 67. Qf5 Qe7 68. Qc8+ Qe8 69. Qg4 Qe7 70. Qc8+ 1/2-1/2

[Event "Titled Tuesday intern op 24th Sep Early"]
[Site "Chess.com INT"]
[Date "2024.09.24"]
[Round "10"]
[White "Trost, Edvin"]
[Black "Materia, Marco"]
[Result "1/2-1/2"]
[WhiteElo "2433"]
[BlackElo "2457"]
[PlyCount "118"]
[EventDate "2024.09.24"]
[EventType "swiss (blitz)"]
[EventRounds "11"]
[EventCountry "USA"]
[SourceTitle "EXT 2025"]
[Source "ChessBase"]
[SourceDate "2024.10.14"]
[SourceVersion "1"]
[SourceVersionDate "2024.10.14"]
[SourceQuality "1"]

1. d4 Nf6 2. c4 e6 3. g3 d5 4. Bg2 c6 5. Nf3 Nbd7 6. b3 Bd6 7. 0-0 Ne4 8. Ba3 Bxa3 9. Nxa3 0-0 10. Nc2 a5 11. Nd2 Nc3 12. Qe1 b5 13. Nb1 Nxb1 14. Rxb1 bxc4 15. bxc4 Ba6 16. Na3 dxc4 17. Qc3 Nb6 18. Qxa5 Bb5 19. Qc3 Nd5 20. Qc1 Qa5 21. Nxc4 Qxa2 22. Nd6 Qxe2 23. Rb2 Qd3 24. Rd1 Qa3 25. Nxb5 cxb5 26. Bxd5 exd5 27. Rxb5 Qf3 28. Re1 Ra2 29. Qe3 Qf5 30. Kg2 h5 31. h4 Rc8 32. Re2 Ra1 33. Re1 Ra4 34. Qe5 Qxe5 35. Rxe5 Rxd4 36. Rbxd5 Rxd5 37. Rxd5 g6 38. Rd7 Rc3 39. Rd4 Kg7 40. Rb4 Kf6 41. Rf4+ Ke6 42. Re4+ Kd5 43. Re7 f5 44. Rg7 Rc6 45. Re7 Re6 46. Rxe6 Kxe6 47. Kf3 Ke5 48. Ke3 Ke6 49. Kf4 Kf6 50. f3 Kf7 51. Ke5 Ke7 52. Kd5 Kf6 53. f4 Kf7 54. Ke5 Ke7 55. Kd5 Kd7 56. Kc5 Kc7 57. Kd5 Kd7 58. Ke5 Ke7 59. Kd5 Kd7 1/2-1/2

[Event "Titled Tuesday intern op 24th Sep Early"]
[Site "Chess.com INT"]
[Date "2024.09.24"]
[Round "1"]
[White "Trost, Edvin"]
[Black "Yunker, Alisa Genrietta"]
[Result "1-0"]
[WhiteElo "2433"]
[BlackElo "1872"]
[PlyCount "333"]
[EventDate "2024.09.24"]
[EventType "swiss (blitz)"]
[EventRounds "11"]
[EventCountry "USA"]
[SourceTitle "EXT 2025"]
[Source "ChessBase"]
[SourceDate "2024.10.14"]
[SourceVersion "1"]
[SourceVersionDate "2024.10.14"]
[SourceQuality "1"]

1. d4 d5 2. c4 c6 3. Nf3 Nf6 4. Nc3 g6 5. g3 Bg7 6. Bg2 0-0 7. 0-0 Ne4 8. Qb3 Nxc3 9. bxc3 e6 10. Bf4 Re8 11. Rab1 Nd7 12. Nd2 b6 13. e4 dxc4 14. Nxc4 Ba6 15. Rfd1 Bxc4 16. Qxc4 Rc8 17. Qa6 c5 18. Qxa7 cxd4 19. cxd4 Ra8 20. Qb7 Rxa2 21. d5 Nc5 22. Qxb6 Qxb6 23. Rxb6 exd5 24. exd5 Bf6 25. Rxf6 Ree2 26. Be3 Nd3 27. Rxd3 Re1+ 28. Bf1 Raa1 29. d6 Rxf1+ 30. Kg2 Rfd1 31. Rxd1 Rxd1 32. Bh6 Rd5 33. Kf3 Rd1 34. Ke4 Re1+ 35. Kd5 Rd1+ 36. Kc6 Rc1+ 37. Bxc1 Kg7 38. Bb2 Kg8 39. d7 Kg7 40. d8N Kh6 41. Nxf7+ Kh5 42. h3 h6 43. Bc1 g5 44. g4+ Kh4 45. Rf3 h5 46. gxh5 g4 47. hxg4 Kxg4 48. h6 Kh5 49. Rg3 Kh4 50. h7 Kh5 51. Bf4 Kh4 52. Be5 Kh5 53. Kb6 Kh4 54. Ka6 Kh5 55. Ka5 Kh4 56. Ka4 Kh5 57. Ka3 Kh4 58. Ka2 Kh5 59. Ka1 Kh4 60. Kb1 Kh5 61. Kc1 Kh4 62. Kd1 Kh5 63. Ke1 Kh4 64. Kf1 Kh5 65. Kg1 Kh4 66. Kg2 Kh5 67. f3 Kh4 68. f4 Kh5 69. f5 Kh4 70. Kf2 Kh5 71. Ke2 Kh4 72. Kd2 Kh5 73. Kc2 Kh4 74. Kb2 Kh5 75. Ka2 Kh4 76. Ka3 Kh5 77. Ka4 Kh4 78. Ka5 Kh5 79. Ka6 Kh4 80. Ka7 Kh5 81. Ka8 Kh4 82. Kb8 Kh5 83. Kc8 Kh4 84. Kd8 Kh5 85. Ke8 Kh4 86. Kf8 Kh5 87. Ke7 Kh4 88. Kf6 Kh5 89. Ke6 Kh4 90. Kd6 Kh5 91. Kd5 Kh4 92. Kd4 Kh5 93. Ke4 Kh4 94. Ke3 Kh5 95. Kd3 Kh4 96. Kd2 Kh5 97. Ke2 Kh4 98. Ke1 Kh5 99. Kd1 Kh4 100. f6 Kh5 101. Kc1 Kh4 102. Kc2 Kh5 103. Kc3 Kh4 104. Kc4 Kh5 105. Kc5 Kh4 106. Kc6 Kh5 107. Kc7 Kh4 108. Kc8 Kh5 109. Kb8 Kh4 110. Kb7 Kh5 111. Kb6 Kh4 112. Kb5 Kh5 113. Kb4 Kh4 114. Kb3 Kh5 115. Kb2 Kh4 116. Kb1 Kh5 117. Ka1 Kh4 118. Ka2 Kh5 119. Ka3 Kh4 120. Ka4 Kh5 121. Ka5 Kh4 122. Ka6 Kh5 123. Ka7 Kh4 124. Ka8 Kh5 125. Kb8 Kh4 126. h8N Kh5 127. Kc8 Kh4 128. Kc7 Kh5 129. Kc6 Kh4 130. Kc5 Kh5 131. Kc4 Kh4 132. Kc3 Kh5 133. Kc2 Kh4 134. Kc1 Kh5 135. Kc2 Kh4 136. Kd2 Kh5 137. Kd3 Kh4 138. Kd4 Kh5 139. Kd5 Kh4 140. Kd6 Kh5 141. Kd7 Kh4 142. Kd8 Kh5 143. Ke8 Kh4 144. Ke7 Kh5 145. Ke6 Kh4 146. Kf5 Kh5 147. Bf4 Kh4 148. Ng6+ Kh5 149. Ng5 Kh6 150. Ne5 Kh5 151. f7 Kh6 152. f8N Kh5 153. Nfg6 Kh6 154. Rh3+ Kg7 155. Ne6+ Kg8 156. Nd8 Kg7 157. Ndf7 Kg8 158. Bg5 Kg7 159. Bf6+ Kg8 160. Ne7+ Kf8 161. Nd7+ Ke8 162. Nc5 Kf8 163. Ke6 Ke8 164. Rg3 Kf8 165. Be5 Ke8 166. Bc7 Kf8 167. Nd3 1-0

[Event "Titled Tuesday intern op 13th Aug Late"]
[Site "Chess.com INT"]
[Date "2024.08.13"]
[Round "9"]
[White "Ibarra Jerez, Jose Carlos"]
[Black "Trost, Edvin"]
[Result "1/2-1/2"]
[WhiteElo "2559"]
[BlackElo "2431"]
[PlyCount "157"]
[EventDate "2024.08.13"]
[EventType "swiss (blitz)"]
[EventRounds "11"]
[EventCountry "USA"]
[SourceTitle "EXT 2025"]
[Source "ChessBase"]
[SourceDate "2024.10.14"]
[SourceVersion "1"]
[SourceVersionDate "2024.10.14"]
[SourceQuality "1"]

1. e4 e6 2. d4 d5 3. Nc3 Bb4 4. Nge2 Nc6 5. a3 Ba5 6. b4 Bb6 7. Bb2 a5 8. b5 Nce7 9. Na4 Ba7 10. Ng3 Nf6 11. e5 Nd7 12. Bd3 c5 13. bxc6 bxc6 14. Qg4 g6 15. h4 h5 16. Qf4 Nf5 17. Nxf5 gxf5 18. 0-0 Rg8 19. Be2 Rh8 20. Rad1 Nf8 21. g3 Ng6 22. Qf3 f6 23. exf6 Qxf6 24. Rfe1 Kf7 25. Ba1 Bd7 26. Bf1 Rag8 27. Bg2 Rg7 28. c4 Nxh4 29. Qb3 Nxg2 30. Kxg2 Bc8 31. cxd5 cxd5 32. Nc5 h4 33. Nd3 hxg3 34. Ne5+ Kg8 35. fxg3 f4 36. g4 Rgh7 37. Rh1 Rxh1 38. Rxh1 Rxh1 39. Kxh1 Qh4+ 40. Kg2 Ba6 41. Qc2 Qh7 42. Qxh7+ Kxh7 43. Kf3 Bb8 44. Kxf4 Bxe5+ 45. Kxe5 Be2 46. Kxe6 Bxg4+ 47. Kxd5 a4 48. Kc6 Kg8 49. d5 Kf7 50. Kb5 Bd7+ 51. Kb6 Ke7 52. Kc7 Ke8 53. Bc3 Bb5 54. Bb4 Bd7 55. Kb6 Bf5 56. Kb5 Bd7+ 57. Kc5 Bf5 58. Bc3 Kd7 59. Be5 Bc2 60. Kc4 Bb3+ 61. Kc3 Bd1 62. d6 Bb3 63. Kd2 Be6 64. Bh2 Bb3 65. Kd3 Ke8 66. Kd4 Kd7 67. Ke5 Bc4 68. Kd4 Bb3 69. Kc5 Bd1 70. Kb5 Bb3 71. Kb4 Bd1 72. Kc3 Bb3 73. Kd2 Ke8 74. Ke2 Kd7 75. Ke3 Ke8 76. Kf4 Kd7 77. Ke5 Bd1 78. Kf6 Bb3 79. Ke5 1/2-1/2

[Event "Titled Tuesday intern op 13th Aug Late"]
[Site "Chess.com INT"]
[Date "2024.08.13"]
[Round "1"]
[White "Keller, Peter1"]
[Black "Trost, Edvin"]
[Result "0-1"]
[WhiteElo "2308"]
[BlackElo "2431"]
[PlyCount "124"]
[EventDate "2024.08.13"]
[EventType "swiss (blitz)"]
[EventRounds "11"]
[EventCountry "USA"]
[SourceTitle "EXT 2025"]
[Source "ChessBase"]
[SourceDate "2024.10.14"]
[SourceVersion "1"]
[SourceVersionDate "2024.10.14"]
[SourceQuality "1"]

1. e4 c5 2. Nf3 g6 3. d4 cxd4 4. Nxd4 Nc6 5. c4 Qa5+ 6. Nc3 Nf6 7. Nb3 Qc7 8. Be2 Bg7 9. 0-0 0-0 10. Be3 b6 11. Rc1 Bb7 12. Nd5 Qd8 13. f3 Rc8 14. Qd2 d6 15. Rfd1 Ne5 16. Bf1 Qd7 17. Kh1 Nxd5 18. cxd5 Qa4 19. Bd4 Ba6 20. Bc3 Bxf1 21. Rxf1 Qxa2 22. Nd4 Qa6 23. f4 Nc4 24. Qd3 Qb7 25. Nc6 Na5 26. Bxg7 Kxg7 27. Qc3+ Kg8 28. b4 Nxc6 29. dxc6 Qc7 30. b5 Ra8 31. Ra1 Rfc8 32. Ra6 Rd8 33. f5 d5 34. e5 d4 35. Qf3 Qxe5 36. fxg6 f6 37. gxh7+ Kh8 38. Ra3 Qxb5 39. c7 Rdc8 40. Rd3 Qd7 41. Rfd1 Qxc7 42. Rxd4 Re8 43. Rd7 Qc4 44. Rxe7 Rad8 45. Rxd8 Rxd8 46. h3 Qc1+ 47. Kh2 Qg5 48. Rf7 Qe5+ 49. Qg3 Ra8 50. Qxe5 fxe5 51. g4 a5 52. g5 a4 53. g6 a3 54. Rf1 a2 55. Ra1 b5 56. Kg3 b4 57. Kg4 b3 58. Kg5 Kg7 59. h4 b2 60. Rf1 b1Q 61. Rf7+ Kh8 62. Kh6 Qc1+ 0-1

[Event "Titled Tuesday intern op 13th Aug Late"]
[Site "Chess.com INT"]
[Date "2024.08.13"]
[Round "6"]
[White "Mikaelyan, Arman"]
[Black "Trost, Edvin"]
[Result "1-0"]
[WhiteElo "2529"]
[BlackElo "2431"]
[PlyCount "73"]
[EventDate "2024.08.13"]
[EventType "swiss (blitz)"]
[EventRounds "11"]
[EventCountry "USA"]
[SourceTitle "EXT 2025"]
[Source "ChessBase"]
[SourceDate "2024.10.14"]
[SourceVersion "1"]
[SourceVersionDate "2024.10.14"]
[SourceQuality "1"]

1. Nf3 Nf6 2. e3 b6 3. d4 Bb7 4. c4 e6 5. Nc3 Bb4 6. Bd2 0-0 7. Bd3 c5 8. 0-0 Bxf3 9. Qxf3 Nc6 10. a3 Bxc3 11. Bxc3 cxd4 12. exd4 d5 13. c5 bxc5 14. dxc5 e5 15. Qh3 d4 16. Bd2 e4 17. Bb5 Qd5 18. Rac1 Ne5 19. Bf4 Rab8 20. a4 a5 21. c6 Rbc8 22. c7 Nh5 23. Bd2 Nd3 24. Bxd3 exd3 25. Qxd3 Nf6 26. Rfe1 Qd7 27. Qc4 Ra8 28. Qc6 Qf5 29. h3 h5 30. Qf3 Qd7 31. Bg5 Nd5 32. Rc5 Nb4 33. Rd1 Rac8 34. Qf5 Qxf5 35. Rxf5 d3 36. Rc5 Rfe8 37. Bf4 1-0

[Event "Titled Tuesday intern op 13th Aug Late"]
[Site "Chess.com INT"]
[Date "2024.08.13"]
[Round "2"]
[White "Trost, Edvin"]
[Black "Makarian, Rudik"]
[Result "0-1"]
[WhiteElo "2431"]
[BlackElo "2537"]
[PlyCount "92"]
[EventDate "2024.08.13"]
[EventType "swiss (blitz)"]
[EventRounds "11"]
[EventCountry "USA"]
[SourceTitle "EXT 2025"]
[Source "ChessBase"]
[SourceDate "2024.10.14"]
[SourceVersion "1"]
[SourceVersionDate "2024.10.14"]
[SourceQuality "1"]

1. d4 Nf6 2. c4 e6 3. Nf3 d5 4. Nc3 dxc4 5. Qa4+ Nc6 6. Qxc4 Bd6 7. g3 0-0 8. Bg2 h6 9. 0-0 a6 10. Rd1 Qe7 11. Bf4 Rd8 12. Rac1 Bd7 13. e3 Be8 14. Qe2 Rab8 15. Rc2 Nb4 16. Rcd2 Nbd5 17. h4 Bb4 18. Rc1 Nxf4 19. gxf4 c5 20. a3 Bxc3 21. bxc3 cxd4 22. cxd4 Qxa3 23. Rdc2 Bb5 24. Qe1 Bc6 25. Ne5 Bxg2 26. Kxg2 Nd7 27. Nf3 Qd6 28. Rc7 Qd5 29. Qe2 Qh5 30. Kh2 Nf6 31. e4 Qg6 32. f5 Qg4 33. fxe6 fxe6 34. Rg1 Qf4+ 35. Kh1 Qxc7 36. Ne5 Rxd4 37. f4 Rxe4 38. Qa2 Rxe5 39. fxe5 Qxe5 40. Rd1 Qe4+ 41. Kg1 Qg4+ 42. Kh2 Qxd1 43. h5 Qxh5+ 44. Kg1 Qg5+ 45. Kh1 Qd5+ 46. Qg2 Qxg2+ 0-1

[Event "Titled Tuesday intern op 13th Aug Late"]
[Site "Chess.com INT"]
[Date "2024.08.13"]
[Round "11"]
[White "Trost, Edvin"]
[Black "Shandrygin, Nikita"]
[Result "0-1"]
[WhiteElo "2431"]
[BlackElo "2209"]
[PlyCount "46"]
[EventDate "2024.08.13"]
[EventType "swiss (blitz)"]
[EventRounds "11"]
[EventCountry "USA"]
[SourceTitle "EXT 2025"]
[Source "ChessBase"]
[SourceDate "2024.10.14"]
[SourceVersion "1"]
[SourceVersionDate "2024.10.14"]
[SourceQuality "1"]

1. e4 c5 2. Nf3 e6 3. Bd3 Nc6 4. 0-0 Nf6 5. Re1 d5 6. exd5 Nxd5 7. Bb5 Bd7 8. Bxc6 Bxc6 9. Ne5 Qc7 10. Nxc6 Qxc6 11. d3 0-0-0 12. Nd2 h5 13. Nf3 Bd6 14. a3 f6 15. Bd2 g5 16. c4 Ne7 17. Bc3 e5 18. b4 Nf5 19. Rb1 g4 20. Nd2 Nh4 21. f3 Rhg8 22. g3 gxf3 23. Nxf3 Nxf3+ 0-1